000 01225cam a2200313 a 4500
999 _c7243
_d7243
001 4472525
003 OSt
005 20210922094420.0
008 961009s1997 nyuab b 001 0 eng
010 _a 96039293
020 _a0521452953(hb)
020 _a0521459184 (pbk.)
040 _aDLC
_cDDC
_dDLC
050 0 0 _aQK983
_b.B73 1997
082 0 0 _a580BRI 1997
100 1 _aEdited by Briggs D. ; Walters S.M;
_q(David),
_d1936-
_914331
245 1 0 _aPlant variation and evolution .
_cEdited by Briggs D. ; Walters S.M;
250 _a3rd ed.
260 _aNew York :
_bCambridge University Press,
_c1997.
300 _axxi,512p.
_bill., maps ;
_c24cm.
504 _aIncludes; bibliographical references (p. 438-497) and index.
650 0 _aBiology
_95602
700 1 _aWalters, S. M.
_d(Stuart Max)
_914879
856 4 2 _3Publisher description
_uhttp://www.loc.gov/catdir/description/cam028/96039293.html
856 4 1 _3Table of contents
_uhttp://www.loc.gov/catdir/toc/cam029/96039293.html
906 _a7
_bcbc
_corignew
_d1
_eocip
_f19
_gy-gencatlg
942 _2ddc
_cO_SHELF